[Event "Druzynowe Mistrzostwa Polski Juniorow 2019 - II Liga"]
[Site "Szczyrk"]
[Date "1899-12-30"]
[Round "4.87"]
[White "Skrzypinski, Jan"]
[Black "Celebias, Filip"]
[Result "1-0"]
[WhiteTitle "I"]
[BlackTitle "II"]
[WhiteElo "1400"]
[BlackElo "1380"]

1. e4 c5 2. Nf3 e6 3. d4 cxd4 4. Nxd4 a6 5. Bd3 Nf6 6. c4 Qc7 7. Nc3 Bc5 8. Be3
O-O 9. O-O b6 10. f4 Nc6 11. Bc2 Bxd4 12. Bxd4 Nxd4 13. Qxd4 Qc5 14. Rad1 Qxd4+
15. Rxd4 Rd8 16. Rfd1 Ne8 17. Ba4 Ra7 18. e5 Rc7 19. b3 b5 20. Nxb5 axb5 21. Bxb5
Kf8 22. a4 Ke7 23. a5 Ra7 24. b4 Nc7 25. Ba4 Na6 26. Rb1 Rb7 27. b5 Nc5 28. Bd1
d6 29. Bf3 Rb8 30. Rbd1 Bb7 31. exd6+ Ke8 32. Bc6+ Kf8 33. a6 Bxc6 34. bxc6 Rbc8
35. c7 Rd7 36. Rb1 Nxa6 37. c5 Nxc7 38. c6 Rdd8 39. dxc7 Re8 40. Rd7 h6 41. h4
g6 42. Kh2 f6 43. Rb8 Rxb8 44. cxb8=Q Rxb8 45. c7 Re8 46. Rd8 Ke7 47. Rxe8+ 1-0

[Event "Druzynowe Mistrzostwa Polski Juniorow 2019 - II Liga"]
[Site "Szczyrk"]
[Date "1899-12-30"]
[Round "4.88"]
[White "Grodzicki, Piotr"]
[Black "Kaczmarek, Jan"]
[Result "0-1"]
[WhiteTitle "II"]
[BlackTitle "II"]
[WhiteElo "1204"]
[BlackElo "1000"]

1. b3 e5 2. Bb2 Nc6 3. e3 Nf6 4. Bb5 Bd6 5. Ne2 O-O 6. O-O a6 7. Bxc6 dxc6 8. d3
Re8 9. e4 Bc5 10. Nd2 b5 11. h3 Bb7 12. Nf3 Nd7 13. Ng3 f6 14. Nf5 Nf8 15. Qe2
Bc8 16. Ne3 Ne6 17. Qe1 Nf4 18. Bc1 Bd4 19. Nxd4 Qxd4 20. Bd2 Be6 21. Rb1 Rad8
22. Kh2 Qd7 23. Nd1 Nxg2 24. Kxg2 Bxh3+ 25. Kg1 Qg4+ 0-1

[Event "Druzynowe Mistrzostwa Polski Juniorow 2019 - II Liga"]
[Site "Szczyrk"]
[Date "1899-12-30"]
[Round "4.89"]
[White "Niemier, Martyna"]
[Black "Mytnik, Kinga"]
[Result "0-1"]
[WhiteTitle "II"]
[BlackTitle "I"]
[WhiteElo "1163"]
[BlackElo "1604"]

1. d4 d6 2. Nf3 Nd7 3. c4 e5 4. Nc3 Ngf6 5. Qc2 Be7 6. g3 c6 7. e4 exd4 8. Nxd4
Ne5 9. b3 c5 10. Nde2 Nf3+ 11. Kd1 Ng4 12. Nf4 Bf6 13. Bb2 Bd4 14. Nd3 Nfe5 15.
Bg2 Nxd3 16. Qe2 Nxb2+ 17. Qxb2 Nxf2+ 18. Ke2 Nxh1 19. Rxh1 Qf6 20. Rf1 Bxc3 21.
Qc2 Bg4+ 22. Bf3 Bxf3+ 23. Rxf3 Qh6 24. Qxc3 Qxh2+ 25. Rf2 Qh5+ 26. Rf3 Qe5 27.
Qd3 g6 28. g4 O-O 29. Rh3 Rfe8 30. Kf3 Re6 31. Qe3 Rf6+ 32. Kg2 Rf4 33. Kg1 Rxg4+
34. Kf2 Rxe4 35. Qh6 Qf4+ 36. Qxf4 Rxf4+ 37. Ke3 Rf5 38. a4 Re8+ 39. Kd3 g5 40.
Rh5 Ree5 41. Rh6 Re6 42. Rh5 Ref6 43. Ke4 Kg7 44. a5 Kg6 45. Rh2 Re6+ 46. Kd3
Rf3+ 47. Kd2 g4 48. a6 bxa6 49. b4 cxb4 50. c5 dxc5 51. Rh1 c4 52. Rxh7 Rd3+ 53.
Kc1 Re1+ 54. Kc2 Re2+ 55. Kc1 Kxh7 56. Kb1 Rd1# 0-1

[Event "Druzynowe Mistrzostwa Polski Juniorow 2019 - II Liga"]
[Site "Szczyrk"]
[Date "1899-12-30"]
[Round "4.90"]
[White "Szewczuk, Aleksandra"]
[Black "Gac-mytych, Sara"]
[Result "1-0"]
[WhiteTitle "I"]
[BlackTitle "II"]
[WhiteElo "1218"]
[BlackElo "1043"]

1. e4 e5 2. Nf3 Nc6 3. Bb5 a6 4. Ba4 Nf6 5. d3 d6 6. Nbd2 g6 7. Nf1 Bg7 8. Ne3
O-O 9. O-O Be6 10. c3 Re8 11. Bc2 Qd7 12. Ng5 h6 13. Nxe6 Qxe6 14. Qf3 Rad8 15.
Nd5 Rc8 16. Bb3 Nxd5 17. exd5 Qd7 18. dxc6 bxc6 19. Qg3 e4 20. dxe4 Rxe4 21. Qxg6
Rg4 22. Qd3 Re8 23. Bd2 Ra8 24. Qf3 d5 25. Bc2 Rh4 26. g3 Qh3 27. Qg2 Qxg2+ 28.
Kxg2 Rh5 29. Bf4 Ra7 30. Rae1 Rb7 31. b3 Bxc3 32. Re8+ Kg7 33. g4 Rh4 34. Kg3
Rb4 35. Kxh4 Rxf4 36. Kg3 Rd4 37. Rd1 Rb4 38. Rd3 Bb2 39. Rf3 f6 40. Rf4 Rb7 41.
Rf3 Rb4 42. Rfe3 Be5+ 43. Kh3 Rf4 44. Re2 Rf3+ 45. Kg2 Rf4 46. h3 Rb4 47. Re7+
Kg8 48. Rh7 c5 49. Rxh6 a5 50. Rh5 a4 51. Rhxe5 fxe5 52. Rxe5 axb3 53. axb3 c6
54. Kg3 Rb5 55. f4 Kf7 56. g5 c4 57. bxc4 dxc4 58. Re4 c3 59. Rc4 c5 60. Rxc3
Ra5 61. g6+ Kg7 62. f5 Rb5 63. Kg4 Rb4+ 64. Kg5 Rb6 65. Rxc5 Rf6 66. Rc7+ Kg8
67. Kxf6 Kf8 68. Rc8# 1-0

[Event "Druzynowe Mistrzostwa Polski Juniorow 2019 - II Liga"]
[Site "Szczyrk"]
[Date "1899-12-30"]
[Round "4.91"]
[White "Majdanski, Maksymilian"]
[Black "Kocierz, Pawel"]
[Result "1-0"]
[WhiteTitle "I"]
[BlackTitle "II"]
[WhiteElo "1767"]
[BlackElo "1309"]

1. e4 c5 2. Nf3 g6 3. d4 cxd4 4. Nxd4 Bg7 5. Nc3 Nc6 6. Be3 Nf6 7. Be2 O-O 8. O-O
d5 9. exd5 Nxd5 10. Nxc6 bxc6 11. Nxd5 cxd5 12. c3 e5 13. Qd2 Be6 14. Bh6 Rb8
15. Bxg7 Kxg7 16. b3 Qb6 17. Rfd1 Rfd8 18. Bf3 d4 19. Qe2 f6 20. cxd4 Rxd4 21.
Rxd4 exd4 22. Rc1 Re8 23. Rc6 Bd7 24. Qxe8 Bxe8 25. Rxb6 axb6 26. Bd5 Bb5 27.
a4 Ba6 28. b4 d3 29. b5 d2 30. Bb3 Bb7 31. f3 Bd5 32. Bd1 f5 33. Kf2 Kf6 34. Ke3
Ke5 35. g3 Bc4 36. f4+ Kd5 37. Kxd2 Kd4 38. Bf3 Bd5 39. Bxd5 Kxd5 40. Kd3 h6 41.
h4 h5 42. Kc3 Ke4 43. a5 bxa5 44. b6 Kf3 45. b7 Kxg3 46. b8=Q Kxh4 47. Qb6 g5
48. Qf6 1-0

[Event "Druzynowe Mistrzostwa Polski Juniorow 2019 - II Liga"]
[Site "Szczyrk"]
[Date "1899-12-30"]
[Round "4.92"]
[White "Grubiak, Karol"]
[Black "Ksiazkiewicz, Michal"]
[Result "1-0"]
[WhiteTitle "III"]
[BlackTitle "III"]
[WhiteElo "1194"]
[BlackElo "1000"]

1. e4 e5 2. Nf3 Nc6 3. Bc4 Bc5 4. c3 Nf6 5. d4 exd4 6. cxd4 Bb4+ 7. Nc3 Nxe4 8.
O-O Bxc3 9. bxc3 O-O 10. Re1 d5 11. Bd3 Re8 12. Ng5 Nxg5 13. Bxg5 Rxe1+ 14. Qxe1
f6 15. Bf4 g5 16. Bg3 h5 17. h3 h4 18. Bh2 Kf7 19. Qe2 Qh8 20. Bxc7 Bd7 21. Qf3
Be6 22. Bf5 Bxf5 23. Qxf5 Ne7 24. Qf3 Rc8 25. Ba5 b6 26. Bb4 Qd8 27. Re1 Nc6 28.
Ba3 Qd7 29. Bc1 Kg6 30. Qd3+ Kg7 31. Re3 Re8 32. Rxe8 Qxe8 33. Qe3 Qxe3 34. Bxe3
Na5 35. Bc1 Nc4 36. Kf1 Kg6 37. Ke2 f5 38. Kf3 Kf6 39. g3 hxg3 40. fxg3 Kg6 41.
h4 gxh4 42. gxh4 Nd6 43. Kf4 Kf6 44. Bd2 Ne4 45. Be1 Nd6 46. h5 a6 47. Bh4+ Kg7
48. Ke5 Ne4 49. Be1 Kh6 50. Kxf5 Kxh5 51. Ke5 Kg5 52. Kxd5 Nf6+ 53. Kc6 b5 54.
Kb6 Kf5 55. Kxa6 Ke6 56. Kxb5 Nd5 57. Kc6 1-0

[Event "Druzynowe Mistrzostwa Polski Juniorow 2019 - II Liga"]
[Site "Szczyrk"]
[Date "1899-12-30"]
[Round "4.93"]
[White "Tarawski, Adrian"]
[Black "Czak, Dominik"]
[Result "1-0"]
[WhiteTitle "II+"]
[BlackTitle "III"]
[WhiteElo "1562"]
[BlackElo "1297"]

1. d4 d5 2. Bf4 Nf6 3. e3 c5 4. Nf3 e6 5. c3 Nc6 6. Nbd2 Be7 7. Bd3 O-O 8. h4 c4
9. Bc2 Qb6 10. b3 Qa5 11. Rc1 b5 12. Ne5 Bb7 13. Qe2 Rfc8 14. b4 Qd8 15. Ndf3
a5 16. a3 axb4 17. axb4 Ra3 18. O-O Rca8 19. Ng5 Nxe5 20. dxe5 Ne4 21. Qh5 Nxg5
22. hxg5 g6 23. Qh4 Bf8 24. Bb1 Bg7 25. Rfd1 Qc7 26. Qg3 Rb3 27. e4 Rd8 28. exd5
Rxd5 29. Re1 Ra3 30. Be4 Rd7 31. Bc2 Rd5 32. Be4 Rd7 33. Bc2 Rd5 34. Be4 Rd7 35.
Bb1 Rd5 36. f3 Ra8 37. Kf2 Rad8 38. Qh2 Qb6+ 39. Be3 Qc7 40. Bd4 Qe7 41. f4 Qf8
42. Rh1 h6 43. gxh6 Bxh6 44. Qxh6 Qxh6 45. Rxh6 Kg7 46. Rch1 Kf8 47. Be4 Rxd4
48. cxd4 Bxe4 49. Rh8+ Ke7 50. Rxd8 Kxd8 51. Rh8+ Kd7 52. Rf8 Ke7 53. Rc8 Kd7
54. Rc5 Bc6 55. g4 Kc7 56. Kg3 Kb6 57. Kh4 Be4 58. Kg5 Bc6 59. Kf6 1-0

[Event "Druzynowe Mistrzostwa Polski Juniorow 2019 - II Liga"]
[Site "Szczyrk"]
[Date "1899-12-30"]
[Round "4.94"]
[White "Galla, Wiktor"]
[Black "Lochinski, Pawel"]
[Result "0-1"]
[WhiteTitle "III"]
[BlackTitle "II"]
[WhiteElo "1000"]
[BlackElo "1138"]

1. e4 e5 2. Nf3 Nc6 3. Bc4 Nf6 4. d3 Be7 5. c3 d5 6. exd5 Nxd5 7. O-O O-O 8. Be3
Kh8 9. Nbd2 f5 10. Nb3 f4 11. Re1 fxe3 12. Bxd5 exf2+ 13. Kxf2 Qxd5 14. d4 e4
15. Kg1 exf3 16. gxf3 Bh3 17. Kh1 Rxf3 18. Kg1 Qg5+ 0-1

[Event "Druzynowe Mistrzostwa Polski Juniorow 2019 - II Liga"]
[Site "Szczyrk"]
[Date "1899-12-30"]
[Round "4.95"]
[White "Zalucka, Emilia"]
[Black "Trusz, Julia"]
[Result "1/2-1/2"]
[WhiteTitle "I"]
[BlackTitle "I+"]
[WhiteElo "1440"]
[BlackElo "1649"]

1. e4 c5 2. Nf3 e6 3. b3 Nc6 4. Bb2 d6 5. c4 Nf6 6. e5 dxe5 7. Nxe5 Nxe5 8. Bxe5
Bd6 9. f4 Bxe5 10. fxe5 Qd4 11. Nc3 Qxe5+ 12. Qe2 Qxe2+ 13. Bxe2 Bd7 14. Bf3 O-O-O
15. a4 a5 16. O-O Bc6 17. Bxc6 bxc6 18. Rf2 Rd3 19. Re1 Rhd8 20. Ree2 Kc7 21.
h3 h6 22. Kh2 Kb6 23. g4 R8d7 24. Kg2 R7d4 25. Kh2 Rd7 26. Kg2 Ne8 27. Kh2 Re7
28. Kg2 f6 29. Rf3 Rxf3 30. Kxf3 e5 31. Ne4 Rd7 32. Ke3 Nd6 33. d3 Nxe4 34. dxe4
Rd1 35. Kf2 Rd3 36. Re3 Rxe3 37. Kxe3 Kc7 38. Kf3 Kd7 39. h4 Ke6 40. h5 Kf7 41.
Kg3 Kf8 42. Kh3 Ke7 43. Kg3 Kf7 44. Kh3 g6 45. hxg6+ Kxg6 46. Kh4 Kg7 47. Kg3
Kf7 48. Kh3 Kg6 49. Kh4 Kh7 50. Kh3 Kg7 51. Kg3 Kg6 52. Kh4 Kg7 53. Kg3 Kf7 54.
Kh3 1/2-1/2

[Event "Druzynowe Mistrzostwa Polski Juniorow 2019 - II Liga"]
[Site "Szczyrk"]
[Date "1899-12-30"]
[Round "4.96"]
[White "Pietrzak, Emilia"]
[Black "Ziobrowska, Maja"]
[Result "0-1"]
[WhiteTitle "I"]
[BlackTitle "I"]
[WhiteElo "1320"]
[BlackElo "1491"]

1. e4 e5 2. Nc3 Nf6 3. f4 d6 4. Nf3 Nc6 5. Bc4 Be7 6. O-O O-O 7. d3 b6 8. Bd5 Bb7
9. fxe5 dxe5 10. Nxe5 Nxd5 11. Nxc6 Bxc6 12. exd5 Bxd5 13. Nxd5 Qxd5 14. Qf3 Qe5
15. c3 Bd6 16. Bf4 Qf6 17. Bxd6 Qxd6 18. Rae1 Rad8 19. d4 h6 20. Re2 c5 21. Re4
cxd4 22. Rxd4 Qe6 23. b3 Rxd4 24. cxd4 Rd8 25. Rd1 a6 26. h3 b5 27. d5 Qb6+ 28.
Kh1 Qd6 29. Qd3 Qg6 30. Qc3 Qh5 31. Qd3 Rd6 32. Rc1 Qg6 33. Qf3 Qg5 34. Rd1 Qe5
35. Qd3 f5 36. Qd2 f4 37. Qd3 g5 38. Qf3 Qb2 39. Qh5 Qf6 40. Qf3 Qf5 41. Kh2 Qg6
42. Qc3 Qe8 43. Re1 Qd8 44. Re6 Rxe6 45. dxe6 h5 46. Qc6 g4 47. Qd7 Qf6 48. Qe8+
Kg7 49. Qd7+ Kg6 50. Qe8+ Kh6 51. Qf7 g3+ 0-1

[Event "Druzynowe Mistrzostwa Polski Juniorow 2019 - II Liga"]
[Site "Szczyrk"]
[Date "1899-12-30"]
[Round "4.97"]
[White "Grzegorski, Michal"]
[Black "Laszczak, Przemyslaw"]
[Result "0-1"]
[WhiteTitle "I"]
[BlackTitle "k"]
[WhiteElo "1763"]
[BlackElo "1942"]

1. e4 c6 2. d4 d5 3. Nc3 dxe4 4. Nxe4 Bf5 5. Ng3 Bg6 6. h4 h6 7. Nf3 e6 8. h5 Bh7
9. Bd3 Bxd3 10. Qxd3 Nf6 11. Bd2 Qb6 12. O-O-O Qa6 13. Qxa6 Nxa6 14. Ne5 c5 15.
dxc5 Bxc5 16. Nd3 Bd6 17. Ne2 O-O 18. f3 Rac8 19. Nd4 Rfd8 20. Nb5 Bb8 21. Be3
b6 22. Nc3 Nc7 23. Nb4 Rxd1+ 24. Rxd1 Nxh5 25. Nc6 Kf8 26. Nxb8 Rxb8 27. Ne4 Nd5
28. Bd4 f5 29. Nc3 Rd8 30. Be5 Ke7 31. Nxd5+ Rxd5 32. Rxd5 exd5 33. Kd2 Ke6 34.
Bb8 a6 35. Bc7 b5 36. Ke3 Nf6 37. Kd4 Nd7 38. b3 g5 39. a4 bxa4 40. bxa4 h5 41.
c3 h4 42. Bd8 Ne5 43. Bc7 Nxf3+ 44. gxf3 f4 0-1

[Event "Druzynowe Mistrzostwa Polski Juniorow 2019 - II Liga"]
[Site "Szczyrk"]
[Date "1899-12-30"]
[Round "4.98"]
[White "Czarnomski, Dominik"]
[Black "Klaska, Szymon"]
[Result "0-1"]
[WhiteTitle "II+"]
[BlackTitle "III"]
[WhiteElo "1541"]
[BlackElo "1332"]

1. e4 c5 2. Nf3 d6 3. Bb5+ Bd7 4. Bxd7+ Nxd7 5. O-O Ngf6 6. Qe2 g6 7. c3 e5 8.
d4 Bg7 9. Rd1 Qc7 10. dxe5 dxe5 11. Bg5 O-O 12. Nbd2 Rfe8 13. Nc4 a6 14. Ne3 Nb6
15. Bxf6 Bxf6 16. Nd5 Nxd5 17. Rxd5 Rad8 18. Rad1 Rxd5 19. Rxd5 c4 20. Qd2 Re7
21. g4 Bg7 22. Rd8+ Bf8 23. Qd5 h6 24. Nd2 b5 25. Qa8 Kg7 26. Rxf8 Qd7 27. Nf1
Qxg4+ 28. Ng3 h5 29. Rg8+ Kf6 30. Qd8 Qd7 31. Qxd7 Rxd7 32. Ra8 Rd6 33. Nf1 Kg5
34. f3 Kf4 35. Kg2 h4 36. Ra7 f5 37. exf5 gxf5 38. Rh7 Kg5 39. Kf2 Rd1 40. Ra7
Rb1 41. Rxa6 Rxb2+ 42. Ke1 Kf4 43. Nd2 Ke3 44. Kd1 Rxd2+ 45. Kc1 Rxh2 46. Ra5
Kf4 47. Rxb5 Rxa2 48. Rb4 h3 49. Rxc4+ Kxf3 0-1

[Event "Druzynowe Mistrzostwa Polski Juniorow 2019 - II Liga"]
[Site "Szczyrk"]
[Date "1899-12-30"]
[Round "4.99"]
[White "Franek, Diana"]
[Black "Olszewski, Antoni"]
[Result "1-0"]
[WhiteTitle "I"]
[BlackTitle "II"]
[WhiteElo "1318"]
[BlackElo "1380"]

1. e4 d5 2. exd5 Qxd5 3. Nc3 Qa5 4. Nf3 Nf6 5. d3 Bf5 6. Bd2 c6 7. Ne4 Qc7 8. Nxf6+
exf6 9. g3 Bc5 10. Qe2+ Qe7 11. Qxe7+ Bxe7 12. Bg2 O-O 13. O-O Na6 14. a3 Rad8
15. Rfe1 Bc5 16. Be3 Rfe8 17. Nd2 Bxe3 18. Rxe3 Nc7 19. Rae1 Kf8 20. Nc4 Nd5 21.
Rxe8+ Rxe8 22. Rxe8+ Kxe8 23. Nd6+ Kf8 24. Nxf5 Nc7 25. Nd6 Ke7 26. Nxb7 Kd7 27.
Na5 c5 28. Nb7 Na6 29. Na5 Kd6 30. Nc4+ Kd7 31. f4 Kc7 32. Kf2 Kd7 33. Ke3 f5
34. Ne5+ Ke6 35. Nc6 1-0

[Event "Druzynowe Mistrzostwa Polski Juniorow 2019 - II Liga"]
[Site "Szczyrk"]
[Date "1899-12-30"]
[Round "4.100"]
[White "Rudas, Borys"]
[Black "Rosinski, Filip"]
[Result "0-1"]
[WhiteTitle "II"]
[BlackTitle "II"]
[WhiteElo "1018"]
[BlackElo "1375"]

1. c4 e5 2. g3 Nf6 3. Bg2 d5 4. b3 Be6 5. Bb2 Nc6 6. d3 Bb4+ 7. Nd2 O-O 8. Ngf3
e4 9. Ne5 Nxe5 10. Bxe5 Ng4 11. Bb2 e3 12. O-O Bxd2 13. Qc2 Qg5 14. f4 Qh6 15.
h3 Nf2 16. Rxf2 exf2+ 17. Kh2 Be1 18. h4 Qg6 19. Bc3 f1=Q 20. Bxf1 Qxg3+ 21. Kh1
Qxh4+ 22. Kg1 Bf2+ 23. Kg2 Qg3+ 24. Kh1 Qg1# 0-1

[Event "Druzynowe Mistrzostwa Polski Juniorow 2019 - II Liga"]
[Site "Szczyrk"]
[Date "1899-12-30"]
[Round "4.101"]
[White "Piotrowska, Florentyna"]
[Black "Nowacka, Dorota"]
[Result "1/2-1/2"]
[WhiteTitle "I"]
[BlackTitle "I+"]
[WhiteElo "1278"]
[BlackElo "1576"]

1. e4 e6 2. d4 d5 3. Nd2 Nf6 4. e5 Nfd7 5. Bd3 c5 6. c3 Nc6 7. Ne2 cxd4 8. cxd4
f6 9. exf6 Nxf6 10. Nf3 Bd6 11. O-O O-O 12. Bf4 Bxf4 13. Nxf4 Ne4 14. g3 Qf6 15.
Be2 Bd7 16. Rc1 Rac8 17. Ng2 Be8 18. Nge1 Bh5 19. a3 a5 20. Kg2 Qh6 21. Rc2 Bg4
22. Ng1 Bxe2 23. Nxe2 Qf6 24. f4 Nd6 25. Nf3 Nc4 26. Qd3 b5 27. Nd2 Nd6 28. Rfc1
Nc4 29. b3 Nxd2 30. Qxd2 Ne7 31. Rxc8 Nxc8 32. Qxa5 Nd6 33. Qc3 Ne4 34. Qd3 Qe7
35. a4 bxa4 36. bxa4 Qb4 37. Qc2 1/2-1/2

[Event "Druzynowe Mistrzostwa Polski Juniorow 2019 - II Liga"]
[Site "Szczyrk"]
[Date "1899-12-30"]
[Round "4.102"]
[White "Zalewska, Malgorzata"]
[Black "Jedrzejewska, Zuzanna"]
[Result "0-1"]
[WhiteTitle "I"]
[BlackTitle "I"]
[WhiteElo "1000"]
[BlackElo "1189"]

1. e4 c5 2. Nc3 Nc6 3. g3 Nf6 4. Bg2 e6 5. d3 Be7 6. h3 O-O 7. Be3 Rb8 8. a4 b6
9. Nge2 Bb7 10. f4 d5 11. e5 d4 12. exf6 Bxf6 13. Bd2 dxc3 14. Nxc3 Nd4 15. Bxb7
Rxb7 16. Ne4 Nf5 17. h4 Bxb2 18. Rb1 Bf6 19. h5 Nd6 20. Qf3 Nxe4 21. Qxe4 Qd5
22. g4 Qxe4+ 23. dxe4 Rd7 24. g5 Be7 25. h6 g6 26. Ke2 Rd4 27. Ke3 Rxa4 28. Rbf1
Rd4 29. Bc3 Rd7 30. Rhg1 c4 31. f5 Bc5+ 32. Ke2 Bxg1 33. Rxg1 exf5 34. exf5 Re8+
35. Kf2 Rde7 36. fxg6 fxg6 37. Bf6 Re2+ 38. Kf3 Rxc2 39. Rd1 Ra2 0-1

[Event "Druzynowe Mistrzostwa Polski Juniorow 2019 - II Liga"]
[Site "Szczyrk"]
[Date "1899-12-30"]
[Round "4.103"]
[White "Drozdzal, Michal"]
[Black "Gazda, Dominik"]
[Result "1/2-1/2"]
[WhiteTitle "II+"]
[BlackTitle "I"]
[WhiteElo "1447"]
[BlackElo "1624"]

1. e4 e5 2. Nf3 Nc6 3. Bb5 Nf6 4. O-O Nxe4 5. d4 exd4 6. Re1 d5 7. Nxd4 Bd6 8.
Nxc6 Bxh2+ 9. Kxh2 Qh4+ 10. Kg1 Qxf2+ 11. Kh2 Qh4+ 12. Kg1 Qf2+ 13. Kh2 Qh4+ 14.
Kg1 Qf2+ 15. Kh2 Qh4+ 16. Kg1 1/2-1/2

[Event "Druzynowe Mistrzostwa Polski Juniorow 2019 - II Liga"]
[Site "Szczyrk"]
[Date "1899-12-30"]
[Round "4.104"]
[White "Karas, Kacper"]
[Black "Tomkiewicz, Jakub"]
[Result "0-1"]
[WhiteTitle "II"]
[BlackTitle "II"]
[WhiteElo "1113"]
[BlackElo "1270"]

1. c4 f5 2. d4 e6 3. g3 Nf6 4. Bg2 Be7 5. Nf3 O-O 6. O-O d6 7. Nc3 c6 8. Rb1 Nbd7
9. b4 e5 10. e3 e4 11. Ne1 Nb6 12. c5 dxc5 13. bxc5 Nbd5 14. Nxd5 Nxd5 15. Nc2
Nc3 16. Qe1 Nxb1 17. Bd2 Nxd2 0-1

[Event "Druzynowe Mistrzostwa Polski Juniorow 2019 - II Liga"]
[Site "Szczyrk"]
[Date "1899-12-30"]
[Round "4.105"]
[White "Futyma, Dawid"]
[Black "Guzik, Michal"]
[Result "1-0"]
[WhiteTitle "II"]
[BlackTitle "II"]
[WhiteElo "1073"]
[BlackElo "1084"]

1. d4 Nf6 2. c4 e6 3. Nc3 Bb4 4. Qc2 O-O 5. e4 d6 6. Nf3 Nbd7 7. Bd3 c5 8. d5 exd5
9. cxd5 Re8 10. O-O a6 11. a4 Bxc3 12. bxc3 c4 13. Bxc4 Nxe4 14. Re1 Ndf6 15.
Bg5 Bf5 16. Bd3 Nxg5 17. Nxg5 Bxd3 18. Qxd3 Qa5 19. Rxe8+ Rxe8 20. c4 Re1+ 21.
Rxe1 Qxe1+ 22. Qf1 Qb4 23. h3 h6 24. Nf3 Qxa4 25. Qe2 Qd7 26. Qe3 b5 27. cxb5
axb5 28. Qb3 Qb7 29. Nd4 b4 30. Nf5 Qxd5 31. Ne7+ 1-0

[Event "Druzynowe Mistrzostwa Polski Juniorow 2019 - II Liga"]
[Site "Szczyrk"]
[Date "1899-12-30"]
[Round "4.106"]
[White "Mansz, Martyna"]
[Black "Tomkiewicz, Szymon"]
[Result "1/2-1/2"]
[WhiteTitle "I"]
[BlackTitle "II"]
[WhiteElo "1091"]
[BlackElo "1092"]

1. e4 d5 2. exd5 Qxd5 3. Nc3 Qa5 4. Nf3 Nf6 5. Bc4 Bf5 6. O-O e6 7. d3 c6 8. Bd2
Qc7 9. a4 Bd6 10. h3 Nbd7 11. Rb1 O-O 12. Bg5 Rad8 13. b4 h6 14. Be3 Be5 15. Nxe5
Qxe5 16. Ne2 Qc7 17. Ng3 Bg6 18. b5 Nb6 19. Bxb6 Qxb6 20. bxc6 Qxc6 21. Bb5 Qc7
22. Rb4 Nd5 23. Rc4 Qd6 24. a5 Rc8 25. Rxc8 Rxc8 26. c4 Nc3 27. Qf3 Nxb5 28. cxb5
Rc7 29. Qe3 b6 30. axb6 axb6 31. Ne4 Bxe4 32. dxe4 Qc5 33. Qxc5 Rxc5 34. Rb1 Kf8
35. Kf1 Ke7 36. Ke2 Kd6 37. Kd3 Rc7 38. Rb4 Rc1 39. Rc4 Rxc4 40. Kxc4 Ke5 41.
Kd3 f6 42. g3 g5 43. Ke3 Kd6 44. Kd4 h5 45. f3 e5+ 46. Kc4 Ke6 47. g4 hxg4 48.
hxg4 Kd6 1/2-1/2

[Event "Druzynowe Mistrzostwa Polski Juniorow 2019 - II Liga"]
[Site "Szczyrk"]
[Date "1899-12-30"]
[Round "4.107"]
[White "Mazurek, Maja"]
[Black "Wojtas, Emilia"]
[Result "0-1"]
[WhiteTitle "I"]
[BlackTitle "II"]
[WhiteElo "1294"]
[BlackElo "1088"]

1. e4 c5 2. Nf3 d6 3. d4 cxd4 4. Nxd4 Nf6 5. Nc3 g6 6. Be3 Bg7 7. f3 a6 8. Qd2
O-O 9. O-O-O Nbd7 10. Bh6 b5 11. h4 Nh5 12. g4 Ng3 13. Rh3 Nxf1 14. Rxf1 Ne5 15.
b3 Qa5 16. Kb2 Qb4 17. Qg5 Nc4+ 18. Kb1 Qxc3 19. bxc4 Bxd4 20. Kc1 Qa1+ 21. Kd2
Qxf1 22. Qxe7 Be6 0-1

[Event "Druzynowe Mistrzostwa Polski Juniorow 2019 - II Liga"]
[Site "Szczyrk"]
[Date "1899-12-30"]
[Round "4.108"]
[White "Uliasz, Katarzyna"]
[Black "Futyma, Klaudia"]
[Result "1-0"]
[WhiteTitle "I"]
[BlackTitle "II"]
[WhiteElo "1333"]
[BlackElo "1000"]

1. e4 c5 2. Nf3 d6 3. d4 cxd4 4. Nxd4 a6 5. Nc3 Nf6 6. Rg1 e5 7. Nb3 Be7 8. g4
Nfd7 9. Be3 O-O 10. Qd2 g6 11. Nd5 Nf6 12. Nb6 Nxe4 13. Qd3 Nc5 14. Bxc5 dxc5
15. Nxa8 Qxd3 16. Bxd3 f5 17. gxf5 Bxf5 18. Bxf5 Rxf5 19. Nb6 c4 20. Nxc4 Bh4
21. Rf1 Nc6 22. c3 e4 23. Ne3 Rf8 24. Nd2 Re8 25. Nb3 Rf8 26. Rd1 Ne5 27. Ke2
b6 28. Ng2 Bf6 29. Nd2 Nc4 30. Nxc4 b5 31. Nce3 Be5 32. h3 a5 33. Rd5 Bg7 34.
Rxb5 Bh6 35. Rxa5 Bxe3 36. Nxe3 Rb8 37. b3 Rf8 38. Rd5 Kg7 39. Rfd1 Kh6 40. Ng4+
Kg7 41. Rd7+ 1-0

[Event "Druzynowe Mistrzostwa Polski Juniorow 2019 - II Liga"]
[Site "Szczyrk"]
[Date "1899-12-30"]
[Round "4.109"]
[White "Derylo, Kamil"]
[Black "Poziomkowski, Szymon"]
[Result "1-0"]
[WhiteTitle "I+"]
[BlackTitle "I"]
[WhiteElo "2030"]
[BlackElo "1816"]

1. d4 Nf6 2. c4 e6 3. g3 Bb4+ 4. Nd2 c5 5. a3 Bxd2+ 6. Qxd2 cxd4 7. Nf3 d5 8. cxd5
Qxd5 9. Qxd4 Nc6 10. Qxd5 Nxd5 11. Bg2 Ke7 12. O-O f6 13. b4 Rd8 14. Bb2 e5 15.
Rfd1 Be6 16. Nd2 Nb6 17. Rac1 Nc4 18. Nxc4 Rxd1+ 19. Rxd1 Bxc4 20. e3 Rd8 21.
Rxd8 Nxd8 22. f4 exf4 23. gxf4 Kd6 24. Kf2 b6 25. Bc3 Ne6 26. Be4 h6 27. Bc2 Ba2
28. Kf3 Kc6 29. Bd3 Nc7 30. e4 Nb5 31. Bb2 Nd6 32. e5 fxe5 33. Bxe5 g5 34. Bxd6
Kxd6 35. fxg5 hxg5 36. Kg4 Ke5 37. Kxg5 Kd4 38. Bg6 Bd5 39. h4 Bf3 40. Bh5 Be4
41. Bg4 Ke5 42. h5 Bd3 43. h6 Bh7 44. Bh5 a6 45. Bg6 Bg8 46. Bd3 Kd4 47. Kg6 Kxd3
48. Kg7 1-0

[Event "Druzynowe Mistrzostwa Polski Juniorow 2019 - II Liga"]
[Site "Szczyrk"]
[Date "1899-12-30"]
[Round "4.110"]
[White "Kartasiewicz, Igor"]
[Black "Derylo, Adam"]
[Result "0-1"]
[WhiteTitle "II"]
[BlackTitle "I"]
[WhiteElo "1000"]
[BlackElo "1460"]

1. e4 c6 2. Nf3 d5 3. Nc3 dxe4 4. Nxe4 Bf5 5. Ng3 Bg6 6. Bc4 Nf6 7. d4 e6 8. O-O
Nbd7 9. Re1 Be7 10. Bd3 Bxd3 11. Qxd3 O-O 12. Bf4 Qb6 13. b3 Rfd8 14. Qe2 Nd5
15. Bd2 Bf6 16. c3 c5 17. Ne4 Be7 18. c4 N5f6 19. dxc5 Nxc5 20. Nxf6+ Bxf6 21.
Rad1 Qa6 22. Bb4 Qb6 23. Bxc5 Qxc5 24. Rxd8+ Rxd8 25. Qe3 Qa3 26. Qe2 Bb2 27.
Rb1 Qxa2 28. Rxb2 Qxb2 29. Qe1 Qxb3 30. Qa5 Qb6 31. Qc3 Rd1+ 32. Ne1 Qb1 33. Kf1
Rxe1+ 34. Qxe1 Qxe1+ 35. Kxe1 Kf8 36. Kd2 Ke7 37. Kd3 Kd6 38. f4 Kc5 39. Kc3 f6
40. g3 a5 41. h4 e5 0-1

[Event "Druzynowe Mistrzostwa Polski Juniorow 2019 - II Liga"]
[Site "Szczyrk"]
[Date "1899-12-30"]
[Round "4.111"]
[White "Derylo, Maksymilian"]
[Black "Cwiek, Ryszard"]
[Result "0-1"]
[WhiteTitle "II"]
[BlackTitle "I"]
[WhiteElo "1357"]
[BlackElo "1728"]

1. d4 d6 2. c4 e5 3. dxe5 dxe5 4. Qxd8+ Kxd8 5. Nc3 c6 6. Nf3 f6 7. e4 Bc5 8. Be2
Be6 9. O-O Nd7 10. a3 a5 11. Nd1 Ne7 12. Be3 Kc7 13. Rb1 a4 14. Nc3 Bxe3 15. fxe3
Rhd8 16. Rfd1 Nc5 17. Rxd8 Rxd8 18. Rd1 Nc8 19. Nh4 Nd6 20. Nf5 Bxf5 21. exf5
Nxf5 22. Rxd8 Kxd8 23. Kf2 Kc7 24. g4 Nd6 25. Kf3 g6 26. h4 f5 27. h5 Nde4 28.
Nxe4 Nxe4 29. gxf5 gxf5 30. Bd3 Nd6 31. e4 fxe4+ 32. Bxe4 Nxe4 33. Kxe4 Kd6 34.
Kf5 h6 35. Ke4 Ke6 36. c5 Kf6 37. Kf3 Kf5 38. Ke3 e4 0-1

[Event "Druzynowe Mistrzostwa Polski Juniorow 2019 - II Liga"]
[Site "Szczyrk"]
[Date "1899-12-30"]
[Round "4.112"]
[White "Cwiek, Stefan"]
[Black "Zhydachevskyy, Yulian"]
[Result "1-0"]
[WhiteTitle "II"]
[BlackTitle "II"]
[WhiteElo "1315"]
[BlackElo "1292"]

1. e4 e5 2. Nf3 Nc6 3. Bc4 Bc5 4. c3 d6 5. d4 exd4 6. cxd4 Bb4+ 7. Bd2 Bxd2+ 8.
Nbxd2 Bg4 9. Qb3 Qd7 10. Bxf7+ Qxf7 11. Qxb7 Rb8 12. Qxc6+ Qd7 13. Qxd7+ Kxd7
14. b3 Nf6 15. e5 Nd5 16. O-O Nc3 17. Rfe1 Rhe8 18. h3 Bxf3 19. Nxf3 Rb5 20. Kf1
Ra5 21. a4 Rb8 22. Ra3 Nb5 23. Raa1 Nc3 24. e6+ Ke7 25. Rac1 Rxb3 26. Re3 Rxa4
27. Rexc3 Rxc3 28. Rxc3 c5 29. dxc5 dxc5 30. Rxc5 Kxe6 31. Rc7 Kf6 32. Ke2 a5
33. Ra7 Ra2+ 34. Ke3 Ra3+ 35. Ke4 Ra2 36. Ra6+ Ke7 37. Ke3 Ra3+ 38. Ke2 Ra2+ 39.
Nd2 a4 40. Kd3 Ra3+ 41. Kc4 Ra2 42. Kc3 a3 43. g4 g5 44. f3 Ra1 45. Kb3 Rd1 46.
Kc2 Rh1 47. Rxa3 Rxh3 48. Ne4 Rh2+ 49. Kd3 h6 50. Ra6 Rh3 51. Ke3 Rh1 52. Ng3
Re1+ 53. Kf2 Re6 54. Nf5+ Kf6 55. Rxe6+ Kxe6 56. Nxh6 Kf6 57. Ke3 Kg6 58. Nf5
1-0